000 00537nam a2200229Ia 4500
001 17754
003 GE_BSU
008 181216s||||||||xx |||||||||||||| ||und||
020 _a9782011555618
040 _cGE_BSU
080 _a811.133.1
100 _aDubois,Anne-Lyse
245 _aScenario:Methode de frangais.
245 _b(ქსეროქსი)
260 _aParis
260 _bHachette
260 _c2008
300 _a158p;21cm
541 _h5ლ.95თ
653 _aფრანგული ენა
942 _cBK
999 _c50802
_d50802